[Event "Xtracon Chess Open 2019"]
[Site "Helsingor DEN"]
[Date "2019.07.21"]
[Round "2.119"]
[White "Mehringer, Joerg"]
[Black "Madison, Sigurd"]
[Result "1-0"]
[WhiteElo "1923"]
[BlackElo "1700"]
[WhiteFideId "12915351"]
[BlackFideId "1711806"]
[EventDate "2019.07.20"]

1. e4 e5 2. Nf3 Nc6 3. Bc4 d6 4. h3 Qf6 5. Nc3 Nge7 6. Nb5 Kd8 7. d3 a6 8. Nc3
h6 9. Be3 g5 10. Qd2 Nd4 11. Nh2 Qg6 12. O-O-O Bd7 13. Ne2 Nec6 14. c3 Ne6 15.
Bb3 Nf4 16. Rhg1 Be7 17. Bc2 h5 18. d4 Nxe2+ 19. Qxe2 exd4 20. cxd4 g4 21. f4
Qg7 22. Qd2 Kc8 23. d5 Na7 24. e5 Rg8 25. Bd4 dxe5 26. Bxe5 Qxe5 27. fxe5 Bg5
28. hxg4 Bxd2+ 29. Rxd2 hxg4 30. Rf1 g3 31. Nf3 Kd8 32. Re1 Bb5 33. e6 f6 34.
Nd4 Nc8 35. Nf5 Ne7 36. Nh6 Rg7 37. Nf7+ Kc8 38. d6 cxd6 39. Nxd6+ Kc7 40. Nxb5+
axb5 41. Rd7+ Kb6 42. Kb1 Rc8 43. Red1 f5 44. R1d6+ Rc6 45. Bd1 Rxd6 46. Rxd6+
Nc6 47. Bc2 Kc7 48. Rd5 Rh7 49. Rd1 1-0

[Event "Xtracon Chess Open 2019"]
[Site "Helsingor DEN"]
[Date "2019.07.21"]
[Round "2.120"]
[White "Wiberg, Jonas"]
[Black "Rygg, Andreas Gangstad"]
[Result "0-1"]
[WhiteElo "1700"]
[BlackElo "1923"]
[WhiteFideId "1720090"]
[BlackFideId "1527754"]
[EventDate "2019.07.20"]

1. d4 d5 2. Nf3 Nf6 3. e3 e6 4. c4 b6 5. Nc3 Bd6 6. cxd5 exd5 7. Bd3 O-O 8. h3
Bb7 9. O-O Nbd7 10. Re1 a6 11. a3 Ne4 12. Qe2 c5 13. Bxe4 dxe4 14. Nd2 Qe7 15.
Nf1 Rfe8 16. Rd1 b5 17. Bd2 Nb6 18. Be1 Rec8 19. Rac1 b4 20. axb4 cxb4 21. Nb1
Bc6 22. Qg4 Ba4 23. Ng3 Bxd1 24. Rxd1 Bxg3 25. Qxg3 Rc2 26. b3 Rac8 27. Nd2 Qe6
28. Qh4 f5 29. Qh5 Ra2 30. Rb1 Rcc2 31. Qd1 Nd5 32. Rc1 Rxc1 33. Qxc1 Nc3 34.
Kf1 a5 35. Nc4 a4 36. Bxc3 axb3 37. Bxb4 Rc2 0-1

[Event "Xtracon Chess Open 2019"]
[Site "Helsingor DEN"]
[Date "2019.07.21"]
[Round "2.121"]
[White "Arndt, Uwe"]
[Black "Kustagi, Zeeshan"]
[Result "1-0"]
[WhiteElo "1922"]
[BlackElo "1690"]
[WhiteFideId "24647713"]
[BlackFideId "1468839"]
[EventDate "2019.07.20"]

1. d4 d5 2. c4 c6 3. cxd5 cxd5 4. Nc3 Nf6 5. Nf3 Nc6 6. Bf4 Bf5 7. e3 Qb6 8. Bb5
a6 9. Bxc6+ bxc6 10. Qe2 h6 11. O-O g5 12. Bg3 Bg7 13. Rfc1 Rc8 14. Ne5 O-O 15.
b3 Nd7 16. Na4 Qb5 17. Qxb5 cxb5 18. Nxd7 Bxd7 19. Nc5 Bf5 20. Nxa6 e6 21. Nc7
Rb8 22. Rc5 b4 23. Rac1 Rb6 24. h3 Rc8 25. Nxd5 exd5 26. Rxc8+ Bxc8 27. Rxc8+
Kh7 28. Ra8 Kg6 29. Ra5 Rb7 30. Bd6 Bf6 31. Ra4 Rb6 32. Bxb4 Rc6 33. Bc5 Bd8 34.
b4 Kf5 35. b5 Rc8 36. Ra7 Ke4 37. a4 Kd3 38. b6 Bxb6 39. Bxb6 Rc1+ 40. Kh2 f5
41. Rf7 Ke4 42. Re7+ Kd3 43. Re5 f4 44. exf4 gxf4 45. g3 f3 46. Re3+ 1-0

[Event "Xtracon Chess Open 2019"]
[Site "Helsingor DEN"]
[Date "2019.07.21"]
[Round "2.122"]
[White "Haugaard, Thomas"]
[Black "Baliuniene, Margarita"]
[Result "1/2-1/2"]
[WhiteElo "1690"]
[BlackElo "1917"]
[WhiteFideId "1414330"]
[BlackFideId "12802760"]
[EventDate "2019.07.20"]

1. d4 d5 2. c4 e6 3. Nc3 c5 4. cxd5 exd5 5. Nf3 Nc6 6. g3 Nf6 7. Bg2 Be7 8. O-O
O-O 9. Bf4 Bf5 10. dxc5 Bxc5 11. Na4 Be7 12. Nd4 Bg6 13. Rc1 Rc8 14. Bh3 Qa5 15.
Bxc8 Rxc8 1/2-1/2

[Event "Xtracon Chess Open 2019"]
[Site "Helsingor DEN"]
[Date "2019.07.21"]
[Round "2.123"]
[White "Rosell, Sven"]
[Black "Nielsen, Peter"]
[Result "1-0"]
[WhiteElo "1913"]
[BlackElo "1686"]
[WhiteFideId "1707760"]
[BlackFideId "1707485"]
[EventDate "2019.07.20"]

1. c4 f5 2. Nf3 Nf6 3. g3 g6 4. b4 Bg7 5. Bb2 d6 6. Bg2 O-O 7. d3 Qe8 8. Qb3 e5
9. O-O h6 10. Nbd2 Kh7 11. c5 g5 12. cxd6 cxd6 13. Nc4 Qe7 14. Rac1 Be6 15. Qa3
Nbd7 16. b5 Bxc4 17. Rxc4 Nb6 18. Rc2 Qd7 19. Qb3 Rfe8 20. a4 g4 21. Nd2 e4 22.
a5 exd3 23. exd3 Nc8 24. Rfc1 Rb8 25. Bxf6 1-0

[Event "Xtracon Chess Open 2019"]
[Site "Helsingor DEN"]
[Date "2019.07.21"]
[Round "2.124"]
[White "Skovgaard, Ib"]
[Black "Henriksen, Morgan"]
[Result "1-0"]
[WhiteElo "1911"]
[BlackElo "1683"]
[WhiteFideId "1406760"]
[BlackFideId "1510495"]
[EventDate "2019.07.20"]

1. e4 c5 2. Nf3 d6 3. d4 cxd4 4. Nxd4 Nf6 5. Nc3 a6 6. Bg5 Nbd7 7. Qe2 Qc7 8.
O-O-O g6 9. h4 Bg7 10. h5 Nxh5 11. Nd5 Qa5 12. Rxh5 gxh5 13. Ne6 Bf6 14. Ndc7+
Qxc7 15. Nxc7+ Kd8 16. Bxf6 1-0

[Event "Xtracon Chess Open 2019"]
[Site "Helsingor DEN"]
[Date "2019.07.21"]
[Round "2.126"]
[White "Kittilsen, Sigurd"]
[Black "Werner, Jakob"]
[Result "1-0"]
[WhiteElo "1894"]
[BlackElo "1681"]
[WhiteFideId "1515624"]
[BlackFideId "1426850"]
[EventDate "2019.07.20"]

1. e4 d6 2. d4 Nf6 3. Nc3 g6 4. Bg5 Bg7 5. Qd2 O-O 6. Bh6 e5 7. Bxg7 Kxg7 8.
Nge2 Re8 9. f3 Bd7 10. O-O-O b5 11. dxe5 dxe5 12. Nxb5 a6 13. Nbc3 Nc6 14. g4
Be6 15. Qe3 Qb8 16. g5 Nh5 17. Nd5 Na5 18. Ng3 Nf4 19. Nxf4 exf4 20. Qc3+ Kg8
21. Qxa5 Ra7 22. Ne2 Rb7 23. Qc3 Bxa2 24. Nxf4 c6 25. Nd3 c5 26. Qa3 Be6 27.
Nxc5 Rc7 28. Nxa6 Rxc2+ 29. Kxc2 Rc8+ 30. Kb1 Qa7 31. Be2 1-0

[Event "Xtracon Chess Open 2019"]
[Site "Helsingor DEN"]
[Date "2019.07.21"]
[Round "2.127"]
[White "Hojgaard, Brandur"]
[Black "Nord, Alexander"]
[Result "1-0"]
[WhiteElo "1683"]
[BlackElo "1893"]
[WhiteFideId "7201478"]
[BlackFideId "1738135"]
[EventDate "2019.07.20"]

1. d4 Nf6 2. Nf3 e6 3. Bf4 d5 4. e3 c5 5. c3 Nc6 6. Nbd2 Bd6 7. Bg3 O-O 8. Bd3
b6 9. Qe2 Bb7 10. O-O Bxg3 11. hxg3 Qc7 12. e4 cxd4 13. e5 Nd7 14. cxd4 g6 15.
Rac1 Qd8 16. Qe3 Qe7 17. Rfe1 Rfc8 18. a3 Rc7 19. Rc2 Rac8 20. Rec1 Nf8 21. Nh2
Na5 22. Ng4 Rxc2 23. Rxc2 Rxc2 24. Bxc2 Ba6 25. Qh6 Be2 26. Nf6+ Kh8 27. Qe3 Qc7
28. Qh6 Qe7 29. b3 Qxa3 30. Ne8 1-0

[Event "Xtracon Chess Open 2019"]
[Site "Helsingor DEN"]
[Date "2019.07.21"]
[Round "2.128"]
[White "Undheim, Bjarne"]
[Black "Harders, Poul Erik"]
[Result "1-0"]
[WhiteElo "1892"]
[BlackElo "1676"]
[WhiteFideId "1506862"]
[BlackFideId "1416251"]
[EventDate "2019.07.20"]

1. e4 c5 2. Nc3 Nc6 3. f4 d6 4. Nf3 Nf6 5. Bc4 e6 6. d3 a6 7. a4 Be7 8. O-O O-O
9. Bd2 b6 10. Ne2 Qc7 11. Qe1 Bb7 12. Bb3 b5 13. Ng3 Nd7 14. f5 exf5 15. Nxf5
Bf6 16. Qg3 Nde5 17. Bg5 Nxf3+ 18. Rxf3 Bxg5 19. Qxg5 1-0

[Event "Xtracon Chess Open 2019"]
[Site "Helsingor DEN"]
[Date "2019.07.21"]
[Round "2.129"]
[White "Larsen, Hans Haagen"]
[Black "Meyer, Juergen"]
[Result "0-1"]
[WhiteElo "1680"]
[BlackElo "1889"]
[WhiteFideId "1409557"]
[BlackFideId "24661759"]
[EventDate "2019.07.20"]

1. b4 c6 2. Bb2 a5 3. a3 axb4 4. axb4 Rxa1 5. Bxa1 Qb6 6. Bc3 Na6 7. Na3 Nxb4 8.
Nc4 Qc5 9. e3 e6 10. d4 Qe7 11. Nb6 Qd8 12. Nxc8 Qxc8 13. Qd2 Nd5 14. Bb2 f5 15.
Nf3 Ngf6 16. Bd3 Be7 17. O-O b5 18. Ra1 O-O 19. Ra7 Qb8 20. Qa5 Bd8 21. Qa1 Bb6
22. Ra3 Qb7 23. c4 Nb4 24. c5 Nxd3 25. Rxd3 Ra8 26. Ra3 Rxa3 27. Qxa3 Bc7 28.
Bc3 Bb8 29. h3 Qa7 30. Qb2 Qa4 31. g3 Nd5 32. Be1 Bc7 33. Qb1 Nf6 34. Ne5 Bxe5
35. dxe5 Nd5 36. Qd3 Qe4 37. Qa3 Qa4 38. Qd3 Qa1 39. Qd2 Qxe5 40. Qa5 Qb8 41. f3
Nxe3 42. Qb6 Qc8 43. f4 Nd5 44. Qa7 b4 45. Bd2 Kf7 46. Kf2 Qc7 47. Qa4 e5 48.
Kf3 e4+ 49. Kg2 Qb7 50. Qa5 b3 0-1

[Event "Xtracon Chess Open 2019"]
[Site "Helsingor DEN"]
[Date "2019.07.21"]
[Round "2.130"]
[White "Ben Porat, Zeev"]
[Black "Pihl, William"]
[Result "1-0"]
[WhiteElo "1888"]
[BlackElo "1669"]
[WhiteFideId "2801051"]
[BlackFideId "1467310"]
[EventDate "2019.07.20"]

1. e4 e5 2. Bc4 Nf6 3. d3 h6 4. Nf3 Nc6 5. O-O d6 6. c3 Bg4 7. h3 Bh5 8. Re1 Be7
9. Nbd2 Qd7 10. Nf1 g5 11. Ng3 g4 12. Nxh5 Nxh5 13. Nh2 Nf6 14. Nxg4 h5 15. Nh6
O-O-O 16. Nxf7 Rdg8 17. Ng5 d5 18. exd5 Nxd5 19. Bxd5 Qxd5 20. Qf3 Qd7 21. h4
Rf8 22. Qh3 Rf5 23. Be3 Rhf8 24. Rad1 Kb8 25. Ne4 Qe6 26. Ng3 R5f6 27. Qxe6 Rxe6
28. Bg5 Bc5 29. Re2 Rd6 30. b4 Bb6 31. b5 Nd8 32. Be7 Rg6 33. Bxf8 Rxg3 34. Kf1
Rg8 35. Be7 Ne6 36. g3 1-0

[Event "Xtracon Chess Open 2019"]
[Site "Helsingor DEN"]
[Date "2019.07.21"]
[Round "2.131"]
[White "Petersen, Jan"]
[Black "Slettebo, Jan"]
[Result "0-1"]
[WhiteElo "1660"]
[BlackElo "1888"]
[WhiteFideId "1426320"]
[BlackFideId "1704958"]
[EventDate "2019.07.20"]

1. d4 d5 2. c4 e6 3. Nc3 a6 4. c5 b6 5. cxb6 cxb6 6. Bf4 Bd6 7. Bxd6 Qxd6 8. Nf3
Nd7 9. e3 Ngf6 10. Bd3 O-O 11. O-O Bb7 12. Qe2 Ne4 13. Bxe4 dxe4 14. Nd2 f5 15.
Rac1 Rac8 16. Rc2 Rc7 17. Rfc1 Rfc8 18. Qd1 Nf6 19. Ne2 Nd5 20. Rxc7 Rxc7 21.
Nc4 Qb4 22. a3 Qb5 23. Nd6 Qxe2 24. Nxb7 Qxd1+ 25. Rxd1 Rxb7 0-1

[Event "Xtracon Chess Open 2019"]
[Site "Helsingor DEN"]
[Date "2019.07.21"]
[Round "2.132"]
[White "Smeby, Ole"]
[Black "Gaure, Sigurd Lauvas"]
[Result "1/2-1/2"]
[WhiteElo "1887"]
[BlackElo "1657"]
[WhiteFideId "1503677"]
[BlackFideId "1524933"]
[EventDate "2019.07.20"]

1. d4 g6 2. c4 Bg7 3. Nc3 c6 4. e4 d6 5. Be3 Nf6 6. f3 O-O 7. Qd2 Nbd7 8. Nge2
c5 9. Bh6 cxd4 10. Nxd4 Qb6 11. Bxg7 Kxg7 12. g4 Ne5 13. O-O-O Be6 14. g5 Nh5
15. Nd5 Bxd5 16. cxd5 Rac8+ 17. Kb1 Nc4 18. Bxc4 Rxc4 19. Nb3 Rfc8 20. Rc1 Rxc1+
21. Rxc1 Rxc1+ 22. Nxc1 Qg1 23. Qc3+ Kg8 24. Qc8+ Kg7 25. Qc3+ Kg8 26. Qc8+ Kg7
27. Qxb7 Qe3 28. Qxe7 Qxf3 29. a3 Nf4 30. Qf6+ Kg8 31. Ka2 Qxe4 32. Qd8+ 1/2-1/2

[Event "Xtracon Chess Open 2019"]
[Site "Helsingor DEN"]
[Date "2019.07.21"]
[Round "2.133"]
[White "Warston, Hakan"]
[Black "Jacobsen, Heidrikur T."]
[Result "0-1"]
[WhiteElo "1656"]
[BlackElo "1885"]
[WhiteFideId "1717367"]
[BlackFideId "7200340"]
[EventDate "2019.07.20"]

1. d4 Nf6 2. c4 g6 3. Nc3 Bg7 4. e4 d6 5. Be2 O-O 6. Nf3 Nc6 7. O-O e5 8. d5 Ne7
9. Ne1 Nd7 10. Be3 f5 11. f3 f4 12. Bf2 Nf6 13. Nd3 g5 14. c5 Ng6 15. Rc1 Rf7
16. Kh1 h5 17. Rg1 g4 18. g3 gxf3 19. Bxf3 Ng4 20. cxd6 cxd6 21. Qe2 Qf6 22.
Rcf1 Bd7 23. Ne1 a6 24. Bb6 Raf8 25. a3 Qe7 26. b4 fxg3 27. Rxg3 Nf4 28. Qd2 Qh4
29. Bg1 Bh6 30. Ng2 Qf6 31. Be3 Rg7 32. Bxg4 hxg4 33. Ne2 Bb5 34. Ngxf4 Bxe2 35.
Qxe2 exf4 36. Rxg4 f3 37. Rxg7+ Bxg7 38. Qd2 Qh4 39. Qc2 Qh3 40. Rg1 Kh8 41. Bf2
Be5 42. Be3 f2 0-1

[Event "Xtracon Chess Open 2019"]
[Site "Helsingor DEN"]
[Date "2019.07.21"]
[Round "2.135"]
[White "Rasmussen, Morten Fredsgaard2"]
[Black "Yilmaz, Kazim"]
[Result "0-1"]
[WhiteElo "1882"]
[BlackElo "1647"]
[WhiteFideId "1410636"]
[BlackFideId "1514326"]
[EventDate "2019.07.20"]

1. d4 d5 2. Bf4 Nf6 3. e3 g6 4. Nc3 c6 5. Be2 Bg7 6. h4 h5 7. Nf3 Bg4 8. Ne5
Bxe2 9. Nxe2 Nbd7 10. Nf3 Ne4 11. c3 O-O 12. Qc2 Re8 13. Ne5 Nxe5 14. Bxe5 Nd6
15. O-O-O Bxe5 16. dxe5 Nc4 17. e6 f5 18. Rh3 Rf8 19. Rg3 Kh7 20. Nf4 Ne5 21.
Rg5 Rf6 22. Rd4 Qe8 23. Nxg6 Nxg6 24. Rxh5+ Kg7 25. Rxf5 Rxf5 26. Qxf5 Qf8 27.
Qg5 Qf6 28. Qg3 Qe5 29. Qg4 Rh8 30. g3 Kf6 31. Kd2 Qf5 32. Qxf5+ Kxf5 33. g4+
Kxe6 34. h5 Ne5 35. e4 Nf3+ 0-1

[Event "Xtracon Chess Open 2019"]
[Site "Helsingor DEN"]
[Date "2019.07.21"]
[Round "2.136"]
[White "Mielow, Bjarne"]
[Black "Ashwin, Hariharan"]
[Result "0-1"]
[WhiteElo "1638"]
[BlackElo "1881"]
[WhiteFideId "1415484"]
[BlackFideId "5812666"]
[EventDate "2019.07.20"]

1. Nf3 d5 2. g3 Bg4 3. Bg2 Nd7 4. b3 e5 5. d3 Bb4+ 6. c3 Bd6 7. Nbd2 Ngf6 8. O-O
O-O 9. Bb2 Re8 10. h3 Bh5 11. c4 e4 12. dxe4 dxe4 13. Nh2 e3 14. fxe3 Bxg3 15.
Bxb7 Rb8 16. Bf3 Rxe3 17. Bd4 Re6 18. Bxa7 Rc8 19. Ng4 c5 20. b4 Nxg4 21. hxg4
Qh4 22. Re1 Qh2+ 0-1

[Event "Xtracon Chess Open 2019"]
[Site "Helsingor DEN"]
[Date "2019.07.21"]
[Round "2.137"]
[White "Eiding, Amanda Mai Irgens"]
[Black "Moller, Arne Vang"]
[Result "1/2-1/2"]
[WhiteElo "1633"]
[BlackElo "1872"]
[WhiteFideId "1549499"]
[BlackFideId "1406175"]
[EventDate "2019.07.20"]

1. e4 c5 2. Nc3 d6 3. f4 e6 4. Nf3 Nc6 5. Bc4 g6 6. O-O Bg7 7. d3 Nge7 8. Qe1 a6
9. a4 O-O 10. f5 exf5 11. Qh4 Ne5 12. Nxe5 dxe5 13. Kh1 Be6 14. Bg5 Re8 15. exf5
gxf5 16. Rf3 Qd7 17. Rh3 h6 18. Bxh6 Bxh6 19. Qxh6 Ng6 20. Qh7+ Kf8 21. Qh6+ Ke7
22. Qg5+ Kd6 23. Rd1 Kc7 24. Rh7 Rh8 25. Rxh8 Rxh8 26. Qe3 Qd4 27. Qxd4 cxd4 1/2-1/2

[Event "Xtracon Chess Open 2019"]
[Site "Helsingor DEN"]
[Date "2019.07.21"]
[Round "2.138"]
[White "Jorgensen, Orla Eilegaard"]
[Black "Satre, Roger"]
[Result "1-0"]
[WhiteElo "1614"]
[BlackElo "1867"]
[WhiteFideId "1413368"]
[BlackFideId "1510320"]
[EventDate "2019.07.20"]

1. f4 d5 2. Nf3 Nf6 3. e3 Bf5 4. b3 e6 5. Bb2 c5 6. Bb5+ Nc6 7. Ne5 Rc8 8. d3
Qa5+ 9. Nc3 c4 10. Bxc6+ bxc6 11. bxc4 Qb6 12. Qc1 Rb8 13. Rb1 Bb4 14. O-O O-O
15. Na4 Qa6 16. Nc3 Rb7 17. a3 Bd6 18. Ne2 c5 19. h3 h6 20. g4 Bg6 21. Nxg6 fxg6
22. cxd5 exd5 23. g5 Nd7 24. Ba1 Rfb8 25. Rxb7 Rxb7 26. Nc3 Qc6 27. Qd1 Nb6 28.
Qf3 Rf7 29. Qg2 Kh7 30. h4 a6 31. gxh6 gxh6 32. Kh1 Be7 33. h5 gxh5 34. Rg1 Qc8
35. Qg6+ Kh8 36. Nxd5+ Bf6 37. Bxf6+ Rxf6 1-0

[Event "Xtracon Chess Open 2019"]
[Site "Helsingor DEN"]
[Date "2019.07.21"]
[Round "2.139"]
[White "Koch-Muller, Oscar"]
[Black "Larsen, Mette Dalsgaard"]
[Result "1-0"]
[WhiteElo "1866"]
[BlackElo "1637"]
[WhiteFideId "1447955"]
[BlackFideId "1430718"]
[EventDate "2019.07.20"]

1. c4 e6 2. Nc3 d5 3. cxd5 exd5 4. d4 Nf6 5. Bg5 Be7 6. e3 O-O 7. Nf3 h6 8. Bh4
Bf5 9. Qb3 Bc8 10. Bxf6 Bxf6 11. Nxd5 c6 12. Nxf6+ Qxf6 13. Bd3 Nd7 14. h4 Re8
15. Qc2 Nf8 16. Ne5 Be6 17. g4 Bxg4 18. Nxg4 Qxd4 19. Rg1 Kh8 20. O-O-O Qd7 21.
Qc3 1-0

[Event "Xtracon Chess Open 2019"]
[Site "Helsingor DEN"]
[Date "2019.07.21"]
[Round "2.140"]
[White "Fjallheim, Benjamin Reinert"]
[Black "Woltery, Nicolai"]
[Result "0-1"]
[WhiteElo "1612"]
[BlackElo "1865"]
[WhiteFideId "7202008"]
[BlackFideId "436887"]
[EventDate "2019.07.20"]

1. Nf3 Nf6 2. g3 g6 3. Bg2 Bg7 4. O-O O-O 5. d3 d5 6. Bf4 c5 7. Qd2 Re8 8. Nc3
Nc6 9. Ne5 Nxe5 10. Bxe5 Be6 11. f4 Qd7 12. a4 Rac8 13. e4 dxe4 14. Nxe4 Nxe4
15. Bxe4 Bxe5 16. fxe5 Qd4+ 17. Qf2 Qxe5 18. Bxb7 Rb8 19. Bc6 Rec8 20. Rae1 Qxb2
21. Rxe6 fxe6 22. Bd7 Rf8 23. Bxe6+ Kg7 24. Qe2 Rxf1+ 25. Kxf1 Rf8+ 26. Kg2 Qd4
27. Qe1 Qxa4 28. Qe5+ Rf6 29. Bb3 Qc6+ 30. Kg1 Qd6 31. Qe2 Rf5 32. Qe1 Qe5 33.
Qc1 Rf3 34. Kg2 Qe2+ 0-1

[Event "Xtracon Chess Open 2019"]
[Site "Helsingor DEN"]
[Date "2019.07.21"]
[Round "2.141"]
[White "Andersen, Daniel"]
[Black "Shehzad, Alisha"]
[Result "1-0"]
[WhiteTitle "FM"]
[WhiteElo "1864"]
[BlackElo "1637"]
[WhiteFideId "1402714"]
[BlackFideId "1521926"]
[EventDate "2019.07.20"]

1. c4 c5 2. Nf3 Nc6 3. Nc3 g6 4. d4 d6 5. d5 Na5 6. e4 Bg7 7. Rb1 Nf6 8. a3 b6
9. b4 cxb4 10. axb4 Nb7 11. Be2 O-O 12. O-O Bg4 13. Nd4 Bd7 14. Nc6 Qe8 15. b5
Nc5 16. Bd3 a6 17. f4 Bxc6 18. bxc6 Qd8 19. Re1 Qc7 20. h3 e6 21. Na4 Rfb8 22.
Bb2 exd5 23. Nxc5 bxc5 24. cxd5 Rb6 25. Bc3 Rxb1 26. Qxb1 Rb8 27. Qa2 Nh5 28.
Bxg7 Kxg7 29. Rf1 Kg8 30. Qxa6 Rb6 31. Qa1 Rb4 32. Qc1 Ng3 33. Re1 h5 34. e5 Rd4
35. Bc4 Ne4 36. Qc2 Ng3 37. e6 Nf5 38. Qe2 fxe6 39. Qxe6+ Kg7 40. Qd7+ Qxd7 41.
cxd7 1-0

[Event "Xtracon Chess Open 2019"]
[Site "Helsingor DEN"]
[Date "2019.07.21"]
[Round "2.142"]
[White "Narheim, Mats"]
[Black "Heier, Odin Nikolai"]
[Result "0-1"]
[WhiteElo "1608"]
[BlackElo "1863"]
[WhiteFideId "1518607"]
[BlackFideId "1518003"]
[EventDate "2019.07.20"]

1. e4 e5 2. Nf3 Nc6 3. d4 exd4 4. Nxd4 Nf6 5. Nxc6 bxc6 6. e5 Nd5 7. c4 Nb6 8.
Nc3 d5 9. cxd5 cxd5 10. Bb5+ Bd7 11. O-O Bxb5 12. Nxb5 Qd7 13. Nd4 Be7 14. Qh5
O-O 15. Nf5 g6 16. Nh6+ Kg7 17. Qf3 Qe6 18. Ng4 h5 19. Ne3 Qxe5 20. Bd2 Kh7 21.
b3 Rad8 22. Rfe1 Qf6 23. Qe2 Bc5 24. Rac1 Bd6 25. Qd3 c5 26. g3 Qf3 27. Qe2 Qxe2
28. Rxe2 Rfe8 29. Kf1 Re6 30. Ba5 Rde8 31. Rce1 d4 32. Bxb6 axb6 33. Nd5 Rxe2
34. Rxe2 Rxe2 35. Kxe2 b5 36. Kd3 b4 37. Nf6+ Kh6 38. h4 Be7 39. Ne4 f5 40. Nd2
Kg7 41. f4 Kf7 42. Nf3 Bd6 43. Ng5+ Ke8 44. Nf3 Kd7 45. Ng5 Be7 46. Nf3 Bf6 47.
Nd2 Kd6 48. Nc4+ Ke6 49. Nd2 Kd5 50. Nc4 Bd8 51. Ne5 g5 52. hxg5 Bxg5 53. Nf3
Bf6 0-1

[Event "Xtracon Chess Open 2019"]
[Site "Helsingor DEN"]
[Date "2019.07.21"]
[Round "2.143"]
[White "Jorgensen, Alexander Torp"]
[Black "Sundin, Sven-Ingvar"]
[Result "1-0"]
[WhiteElo "1863"]
[BlackElo "1632"]
[WhiteFideId "1434187"]
[BlackFideId "1724517"]
[EventDate "2019.07.20"]

1. c4 e5 2. Nc3 Nc6 3. Nf3 Nf6 4. e3 Bb4 5. Qc2 Bxc3 6. bxc3 Qe7 7. Be2 O-O 8.
O-O b6 9. e4 Bb7 10. a4 d6 11. d3 h6 12. h3 Na5 13. g3 c5 14. Nh4 Bc8 15. Kh2
Nc6 16. Be3 Nh7 17. Qd2 g5 18. Nf5 Bxf5 19. exf5 f6 20. Bf3 Rac8 21. Bd5+ Kg7
22. Rae1 Rfe8 23. Qe2 Nf8 24. Qh5 Kh7 25. f4 exf4 26. Bxf4 Ne5 27. Bd2 Qd7 28.
h4 Kg7 29. hxg5 hxg5 30. Bxg5 Nh7 31. Qh6+ Kh8 32. Bxf6+ 1-0

[Event "Xtracon Chess Open 2019"]
[Site "Helsingor DEN"]
[Date "2019.07.21"]
[Round "2.144"]
[White "Zheng, Harry Z"]
[Black "Saravana, Vedant Kumar"]
[Result "1-0"]
[WhiteElo "1597"]
[BlackElo "1861"]
[WhiteFideId "460982"]
[BlackFideId "45059730"]
[EventDate "2019.07.20"]

1. e4 e5 2. Nf3 Nc6 3. Bc4 Bc5 4. c3 Nf6 5. d3 d6 6. O-O O-O 7. Nbd2 Be6 8. b4
Bb6 9. Qb3 d5 10. exd5 Bxd5 11. Bxd5 Nxd5 12. Ba3 Nf4 13. Qc2 Re8 14. b5 Nb8 15.
Ne4 Qd7 16. c4 Qg4 17. Ng3 h5 18. c5 h4 19. cxb6 hxg3 20. hxg3 axb6 21. gxf4
Rxa3 22. fxe5 Nd7 23. Rfe1 Re6 24. Qc4 Qh5 25. Re4 Nc5 26. Rh4 Qg6 27. d4 Qd3
28. dxc5 Qg6 29. Qd5 1-0

[Event "Xtracon Chess Open 2019"]
[Site "Helsingor DEN"]
[Date "2019.07.21"]
[Round "2.145"]
[White "Lodahl, Holger Ronnow"]
[Black "Iskos, Lukas"]
[Result "0-1"]
[WhiteElo "1859"]
[BlackElo "1622"]
[WhiteFideId "1427342"]
[BlackFideId "1461613"]
[EventDate "2019.07.20"]

1. d4 Nf6 2. c4 e6 3. Nc3 d5 4. Bg5 Be7 5. e3 O-O 6. Nf3 h6 7. Bh4 c5 8. dxc5
dxc4 9. Bxc4 Bxc5 10. O-O Nc6 11. Qe2 b6 12. Rfd1 Qe7 13. a3 a5 14. Rac1 Bb7 15.
Ne4 Rfd8 16. Nxf6+ gxf6 17. Ba2 Rxd1+ 18. Qxd1 Rd8 19. Qc2 Kg7 20. Bb1 Rh8 21.
Qc3 e5 22. Nd2 Nd8 23. Be4 Ne6 24. Bxb7 Qxb7 25. b4 axb4 26. axb4 Be7 27. f3 Rd8
28. Ne4 Qd5 29. Ng3 Kg6 30. Nf5 Bf8 31. Be1 Qd3 32. e4 Qxc3 33. Bxc3 Rc8 34. b5
Nf4 35. Kf1 Nd3 36. Rc2 Bb4 37. Ke2 Nf4+ 38. Kd2 Rd8+ 39. Kc1 Bxc3 40. Rxc3 Ne2+
41. Kc2 Nxc3 42. Kxc3 h5 43. Ne7+ Kg5 44. Nd5 Rd6 45. Kc4 h4 46. Nxb6 Rxb6 47.
Kc5 Rb8 48. Kc6 Kf4 49. b6 Ke3 50. Kc7 Rg8 51. b7 Kf2 52. g3 h3 53. b8=Q Rxb8
54. Kxb8 Kg2 55. f4 Kxh2 56. fxe5 fxe5 57. g4 Kg3 58. Kc7 Kxg4 59. Kd6 Kf4 0-1

[Event "Xtracon Chess Open 2019"]
[Site "Helsingor DEN"]
[Date "2019.07.21"]
[Round "2.146"]
[White "Knudsen, Jan"]
[Black "Berg, Margar M."]
[Result "0-1"]
[WhiteElo "1577"]
[BlackElo "1857"]
[WhiteFideId "1460803"]
[BlackFideId "7200021"]
[EventDate "2019.07.20"]

1. e4 c5 2. Nf3 d6 3. d4 cxd4 4. Nxd4 Nf6 5. Nc3 a6 6. Be2 e5 7. Nb3 Be6 8. O-O
Be7 9. Bf3 Nbd7 10. Be3 Rc8 11. Nd5 Nxd5 12. exd5 Bf5 13. c3 O-O 14. Bg4 Bxg4
15. Qxg4 f5 16. Qb4 f4 17. Bd2 Qb6 18. Rac1 Qxb4 19. cxb4 Nf6 20. Na5 b6 21. Nc6
Nxd5 22. a4 Bg5 23. g3 Kf7 24. Rfe1 Ke6 25. g4 Ne7 26. Nd4+ Kf6 27. Nf3 Bh6 28.
h4 g5 29. h5 Rxc1 30. Rxc1 Rc8 31. Rc3 Ke6 32. Kf1 d5 33. Ke2 d4 34. Rxc8 Nxc8
35. b3 Kd5 36. Bc1 e4 37. Nd2 Nd6 38. f3 d3+ 39. Kd1 e3 40. Nb1 Bg7 41. Ba3 b5
42. a5 Ba1 43. Bc1 Kd4 44. Ke1 Bc3+ 45. Nxc3 Kxc3 46. Kd1 d2 47. Bxd2+ exd2 48.
h6 Nf7 49. Ke2 Kc2 50. Kf2 d1=Q 51. Kg2 Kd2 52. Kf2 Qe1+ 53. Kg2 Ke2 54. Kh2
Kxf3 0-1